000 01984nam a22003491 4500
001 1550
003 BD-RjUL
005 20211208233346.0
008 131208s1938 nyu sb 001 0 eng d
035 _a(BD-RjUL)1575
040 _aDcWaAPA
_dUtOrBLW
_dBD-RjUL
_beng
_cBD-RjUL
041 _aeng
082 _221
_a302
_bLAC
100 1 _aLaPiere, Richard T.
_q(Richard Tracy),
_d1899-1986.
_95121
245 1 0 _aCollective behavior /
_cby Richard T. LaPiere.
250 _a1st ed.
260 _aNew York ;
_aLondon :
_bMcGraw-Hill,
_c1938
300 _a1 online resource (xiii, 577 p.) ;
_c23 cm
490 1 _aMc graw-hill series in sociology and Anthropology
490 1 _aMcGraw-Hill publications in sociology.
500 _aAvailable via EBSCOhost.
500 _aIncludes author and subject index.
504 _aIncludes bibliographical references.
520 _a"This book was undertaken in the belief that it is now feasible to give more than passing consideration to the problem of the social interactions in which the individual develops his personality and in which he manifests that personality. Data have been accumulating here and there, data which are often conflicting, unrelated, and incomplete but which are in the mass nevertheless impressive. It has been my aim to bring these data together, to supplement them with the results of general observation, and to build therefrom a tentative frame of reference for further study. In accordance with considerable precedent, I have designated this field of sociopsychological inquiry "collective behavior"--Preface. (PsycINFO Database Record (c) 2006 APA, all rights reserved)
650 0 _aSocial psychology.
_95087
650 2 _aPsychology, Social.
_95122
690 _aElectronic resources.
_92
710 2 _aEBSCOhost (Online service)
_95123
830 0 _aPsycBOOKS.
_95152
856 4 0 _zonline book
_uhttp://search.ebscohost.com.ezproxy.bu.edu/direct.asp?db=pzh&jid=%22200604541%22&scope=site
942 _2ddc
_cBK
999 _c1550
_d1550